| 000 | 00733nam a2200241 a 4500 | ||
|---|---|---|---|
| 005 | 20241129063739.0 | ||
| 008 | 140821s2010 mx r 000 0 spa d | ||
| 020 | _a9786074695458 (SEP) | ||
| 020 | _a9786074004151 (Océano) | ||
| 035 | _aUPN01000199001 | ||
| 049 | _aI | ||
| 050 | 4 |
_aPZ10.3 _bW5.5 |
|
| 100 | 1 |
_aWillis, Jeanne _933709 |
|
| 245 | 1 | 0 |
_aMalvado conejito / _cJeanne Willis ; il. Tony Ross. |
| 260 |
_aMéxico : _bSEP : _bOcéano, _c2010. |
||
| 300 |
_a[27] p. : _bil. col. |
||
| 440 | 0 |
_aLibro del rincón. _pPasos de luna |
|
| 534 |
_pTitulo original: _tBig bad bun |
||
| 650 | 4 |
_aCuentos infantiles ingleses _910002 |
|
| 650 | 4 |
_aConejos _vCuentos y leyendas _922085 |
|
| 905 | _aInfantil | ||
| 999 |
_c171102 _d171102 |
||